Ninho - Tous ses titres (albums) - Statistiques

Statistiques générales
  • Ce quiz a été pris 341 fois
    77 depuis la dernière actualisation
  • Le résultat moyen est 70 sur 139
Statistiques - réponses
Réponse % Correct
Intro
94%
Jefe
91%
M.I.L.S
91%
Outro
88%
Goutte d'eau
85%
La vie qu'on mène
85%
M.I.L.S 2
85%
NI
79%
Comme prévu
76%
Lettre à une femme
74%
VVS
74%
Zipette
74%
Elle a mal
71%
M.I.L.S 3
71%
Sky Priority
71%
Dis-moi que tu m'aimes
68%
LES DIAMANTS DE BOKASSA
68%
Maman ne le sait pas
68%
Mood
68%
Putana
68%
Rose
68%
Un Poco
68%
Aïcha
65%
De l'autre côté
65%
Soleil
65%
Vérité
65%
Vrais
65%
Arme de poing
62%
Athéna
62%
DICTIONNAIRES
62%
Elle m'a eu
62%
Eurostar
62%
La maison que je voulais
62%
À Kinshasa
59%
Fendi
59%
Filon
59%
Laisse pas traîner ton fils
59%
Le jeu
59%
Money
59%
Roro
59%
Sourire
59%
Tout en Gucci
59%
Bavard
56%
Jusqu'à minuit
56%
La vivance
56%
LETTRE À UN FILS
56%
Monotonie
56%
RER D
56%
Violet
56%
Caramelo
53%
Centre commercial
53%
Chino
53%
OG
53%
PILIER
53%
Pour nous
53%
Tokarev
53%
Big Pac
50%
Carbozo
50%
Coffrer
50%
Dita
50%
HLM ou Palace
50%
Jeune Lossa
50%
L'ancien
50%
Mamacita
50%
N.W.A
50%
Promo
50%
Sans peine
50%
AU 33ÈME
47%
Bob
47%
Crésus
47%
INTRO - LA PRESSION
47%
Malcolm
47%
Pavé
47%
STOCKHOLM
47%
Toutes les couleurs
47%
Tout ira mieux
47%
YSL
47%
Ce soir
44%
Chiraq
44%
Jamais
44%
La puerta
44%
Mac 11
44%
Millésimes
44%
No love
44%
NWAR
44%
Paris c'est magique
44%
Pourquoi
44%
Somnambule
44%
TTR
44%
Vinicius
44%
WALLET
44%
44
41%
DES PIGES
41%
FLÉAU
41%
Gros vendeurs
41%
Kitchen
41%
La vie de Johnny
41%
Lové
41%
No Life
41%
Problèmes du matin
41%
R9
41%
Tu sais qu'on est gang
41%
+971
38%
En chien
38%
La Roma
38%
PEAKY BLINDERS
38%
Zéro paluche
38%
Bitch Dab
35%
Branché sur snap
35%
J'AI PAS CHANGÉ
35%
KING VON
35%
LES MAINS DEDANS
35%
Mama No Cry
35%
25 G
32%
Blue story
32%
Bon qu'à ça
32%
Chacun son tour
32%
Every day
32%
PGP
32%
Bad
29%
Bali
29%
Christopher Wallace
29%
Grands ensembles
29%
Privilège
29%
RÉSINE
29%
Toutes options
29%
Yo moko oyebi
26%
Edouard Nahum
24%
Griot
24%
Mauvais Djo
24%
Plus qu'eux
24%
Respect
24%
C'était le rap
21%
Dans la peau
21%
Mode S Plus
21%
Signes de gang
18%
Rich Porter
9%
Aucun quiz correspondant
Distribution des résultats
% des personnes avec chaque résultat
Percentile par nombre de réponses
Votre historique - résultats
Vous n’avez pas pris ce quiz depuis la dernière actualisation